000 00574nam a2200181 i 4500
001 150292
003 ES-MaACL
005 20230906203441.0
007 t|
008 071029s1974 fr ||||1| fre d
100 1 _aVaillant, André.
_9112408
245 1 0 _aGrammaire comparée des langues slaves /
_cpar André Vaillant.
260 _aParis :
_bKlincksieck,
_c[1974]
300 _a2 v. ;
_c24 cm.
505 8 _aContiene : IV. La formation des noms . - V. La syntaxe
650 0 4 _aLenguas eslavas-
_xGramática comparada.
_9136384
852 _aES-MaACL
_jP-429
_bR.108275
999 _c150292
_d150292